Geografía del mito y la leyenda chilenos
Guardado en:
| Autor principal: | |
|---|---|
| Formato: | Libro |
| Lenguaje: | español |
| Publicado: |
Santiago
Random House Mondadori
2007
|
| Edición: | 9a. ed |
| Materias: | |
| Etiquetas: |
Agregar Etiqueta
Sin Etiquetas, Sea el primero en etiquetar este registro!
|
MARC
| LEADER | 00000nam a2200000 a 4500 | ||
|---|---|---|---|
| 001 | UCH9749 | ||
| 003 | CL-VaPUC | ||
| 008 | 100121e20070500CL |||||||||||||||||spa|d | ||
| 020 | |a 9562580385 | ||
| 082 | 0 | 4 | |a 398.02 |b PLA |2 21 |
| 100 | 0 | |a Plath, Oreste |e author |9 330038 | |
| 245 | 1 | 0 | |a Geografía del mito y la leyenda chilenos |
| 250 | |a 9a. ed | ||
| 300 | |a 408 p | ||
| 942 | |c BK | ||
| 945 | |d 20100121 00:00:00 |a dcastane | ||
| 260 | |a Santiago |b Random House Mondadori |c 2007 | ||
| 650 | 0 | |a Leyendas chilenas |9 310059 | |
| 650 | 0 | |a Folklore chileno |9 265536 | |
| 650 | 7 | |a CUENTOS POPULARES |2 CL-VaPUC |9 306606 | |
| 650 | 0 | |a Literatura folklórica |9 306605 | |
| 650 | 0 | |a Tradición oral |9 321175 | |
| 583 | |a last modification |c 20131003 04:04:07 |k Rodrigo Vera | ||
| 999 | |c 339639 |d 339637 | ||